Anime par image (facile) - Statistiques

Statistiques générales
  • Ce quiz a été pris 89 fois
  • Le résultat moyen est 12 sur 16
Statistiques - réponses
Par images Réponse % Correct
Chainsaw Man
89%
Sword Art Online
88%
Meitantei Konan
86%
Spy X Family
84%
Tokyo Ghoul
84%
Assassination Classroom
81%
Nanatsu no Taizai
80%
Kuroko no Basket
78%
Yu-Gi-Oh!
78%
Blue Lock
75%
Kimi no na wa
71%
Black Clover
67%
Re:Zero
66%
Mob Psycho 100
61%
Shigatsu wa Kimi no Uso
57%
Oshi no ko
47%
Aucun quiz correspondant
Distribution des résultats
% des personnes avec chaque résultat
Percentile par nombre de réponses
Votre historique - résultats
Vous n’avez pas pris ce quiz